[Event "Stavropol Cup"]
[Site "Stavropol"]
[Date "2019.05.12"]
[Round "9"]
[White "Shutukov, Sergey Vladimirovic"]
[Black "Terzyan, Nazar"]
[Result "1/2-1/2"]
[WhiteElo "2366"]
[BlackElo "1681"]
[PlyCount "104"]
[EventDate "2019.05.11"]
[EventType "swiss (rapid)"]
[EventRounds "9"]
[EventCountry "RUS"]
[SourceTitle "CBM 190 Extra"]
[Source "ChessBase"]
[SourceDate "2019.07.15"]
[SourceVersion "1"]
[SourceVersionDate "2019.07.15"]
[SourceQuality "1"]

1. c4 e5 2. g3 g6 3. Bg2 Bg7 4. Nc3 Nc6 5. d3 Nge7 6. Rb1 a5 7. a3 d6 8. b4 axb4 9. axb4 0-0 10. e3 Be6 11. b5 Na5 12. Nge2 Qd7 13. 0-0 Bh3 14. Bxh3 Qxh3 15. Nd5 Nxd5 16. cxd5 b6 17. Bd2 Qd7 18. Qc2 Ra7 19. Rfc1 Rfa8 20. Kg2 h5 21. h4 Qg4 22. f3 Qd7 23. e4 Bf6 24. Be3 Bd8 25. d4 Nb7 26. Qc6 Qxc6 27. dxc6 Na5 28. dxe5 dxe5 29. Bf2 Be7 30. Nc3 Bc5 31. Nd5 Bxf2 32. Kxf2 Kg7 33. Rb4 Rd8 34. Ke2 f5 35. Rd1 Kf7 36. Ne3 Rxd1 37. Kxd1 Ke6 38. Kd2 Ra8 39. Kc3 fxe4 40. fxe4 Rf8 41. Rb1 Rf3 42. Kd3 Rxg3 43. Ke2 g5 44. hxg5 Rxg5 45. Kf3 Rg7 46. Nf5 Rh7 47. Rd1 Nb3 48. Rd8 Nd4+ 49. Nxd4+ exd4 50. Rxd4 h4 51. Kg2 h3+ 52. Kh2 Rh5 1/2-1/2

[Event "RUS-chT blitz"]
[Site "Sochi"]
[Date "2018.10.10"]
[Round "1.9"]
[White "Lugovskoy, Maxim"]
[Black "Terzyan, Nazar"]
[Result "1/2-1/2"]
[WhiteElo "2428"]
[BlackElo "1757"]
[PlyCount "117"]
[EventDate "2018.10.10"]
[EventType "team-swiss (blitz)"]
[EventRounds "15"]
[EventCountry "RUS"]
[SourceTitle "CBM 186 Extra"]
[Source "ChessBase"]
[SourceDate "2018.08.24"]
[SourceVersion "1"]
[SourceVersionDate "2018.08.24"]
[SourceQuality "1"]
[WhiteTeam "Sochi Archibald Chess"]
[BlackTeam "Stavropol Region II"]
[WhiteTeamCountry "RUS"]
[BlackTeamCountry "RUS"]

1. e4 c5 2. c3 Nf6 3. e5 Nd5 4. d4 cxd4 5. cxd4 d6 6. Nf3 Nc6 7. Bc4 Nb6 8. Bb3 Bf5 9. 0-0 e6 10. Nc3 a6 11. Bg5 Be7 12. Bxe7 Qxe7 13. d5 Nxe5 14. Nd4 0-0 15. dxe6 Bxe6 16. Nxe6 fxe6 17. Qd4 Nbd7 18. Rae1 Rf6 19. f4 Nc6 20. Qe3 Nc5 21. Ne4 Nxe4 22. Qxe4 d5 23. Qd3 Qd6 24. f5 Nb4 25. Qd2 Rxf5 26. Rxf5 exf5 27. a3 Nc6 28. Qxd5+ Qxd5 29. Bxd5+ Kh8 30. Re6 Nd4 31. Re7 Rd8 32. Bxb7 h6 33. Bxa6 Rb8 34. Rb7 Re8 35. Kf2 Nc2 36. Bd3 Nd4 37. Rd7 Nb3 38. Bc2 Nc1 39. Rd1 Re2+ 40. Kf3 Rxc2 41. b4 Na2 42. Kf4 Rc3 43. b5 Rxa3 44. Ra1 Ra4+ 45. Kxf5 Nc3 46. Rxa4 Nxa4 47. Ke6 Kg8 48. Ke7 Nc3 49. Ke6 Nxb5 50. Kf5 Nc7 51. Kg6 Nd5 52. g4 Ne7+ 53. Kh5 Kf7 54. h4 Nd5 55. g5 hxg5 56. Kxg5 Ne3 57. h5 Nd5 58. h6 gxh6+ 59. Kxh6 1/2-1/2

[Event "RUS-chT blitz"]
[Site "Sochi"]
[Date "2018.10.10"]
[Round "13.9"]
[White "Terzyan, Nazar"]
[Black "Alexeev, Alexey"]
[Result "0-1"]
[WhiteElo "1757"]
[BlackElo "2287"]
[PlyCount "82"]
[EventDate "2018.10.10"]
[EventType "team-swiss (blitz)"]
[EventRounds "15"]
[EventCountry "RUS"]
[SourceTitle "CBM 186 Extra"]
[Source "ChessBase"]
[SourceDate "2018.08.24"]
[SourceVersion "1"]
[SourceVersionDate "2018.08.24"]
[SourceQuality "1"]
[WhiteTeam "Stavropol Region II"]
[BlackTeam "Krym Kimmeriya"]
[WhiteTeamCountry "RUS"]
[BlackTeamCountry "RUS"]

1. e4 e6 2. Nc3 d5 3. g3 c5 4. Bg2 d4 5. Nce2 Nc6 6. d3 e5 7. f4 Bd6 8. Nf3 Nge7 9. 0-0 f6 10. f5 b5 11. g4 h6 12. Ng3 Bb7 13. h4 Qc7 14. Rf2 c4 15. g5 hxg5 16. hxg5 0-0-0 17. a4 a6 18. axb5 axb5 19. dxc4 bxc4 20. b3 c3 21. Ba3 Kd7 22. Bxd6 Qxd6 23. Rf1 fxg5 24. Nxg5 Qh6 25. Nf7 Qe3+ 26. Rf2 Qxg3 27. Nxd8 Kxd8 28. Ra4 Ng8 29. Qa1 Kd7 30. Ra7 Kc8 31. Qa4 Nge7 32. Qc4 Rh1+ 33. Kxh1 Qxf2 34. Qe6+ Kc7 35. Rxb7+ Kxb7 36. Qd7+ Kb6 37. Qd6 Qh4+ 38. Kg1 Qf6 39. Qd7 Qh6 40. Qe8 d3 41. cxd3 c2 0-1

[Event "RUS-chT rapid"]
[Site "Sochi"]
[Date "2018.10.08"]
[Round "2.3"]
[White "Okun, Evgeny"]
[Black "Terzyan, Nazar"]
[Result "1/2-1/2"]
[WhiteElo "2163"]
[BlackElo "1757"]
[PlyCount "89"]
[EventDate "2018.10.08"]
[EventType "team-swiss (rapid)"]
[EventRounds "9"]
[EventCountry "RUS"]
[SourceTitle "CBM 186 Extra"]
[Source "ChessBase"]
[SourceDate "2018.08.24"]
[SourceVersion "1"]
[SourceVersionDate "2018.08.24"]
[SourceQuality "1"]
[WhiteTeam "Moscow Liga Tsifrovoy Ekonomiki"]
[BlackTeam "Stavropol Region II"]
[WhiteTeamCountry "RUS"]
[BlackTeamCountry "RUS"]

1. g3 Nf6 2. Bg2 d5 3. f4 e6 4. Nf3 Bd6 5. d3 b6 6. 0-0 Nbd7 7. e4 dxe4 8. dxe4 Bc5+ 9. Kh1 Nxe4 10. Ng5 Nxg5 11. Bxa8 Nh3 12. Kg2 Ba6 13. Bc6 Bxf1+ 14. Qxf1 Nf2 15. b4 Qf6 16. c3 Bxb4 17. Qb5 0-0 18. Bxd7 Bxc3 19. Nxc3 Qxc3 20. Qb2 Qc5 21. Qxf2 Qd5+ 22. Kg1 Qd1+ 23. Kg2 Qd5+ 24. Qf3 Qxd7 25. Bb2 Qd2+ 26. Qf2 Rd8 27. Rf1 Qd5+ 28. Qf3 Qxa2 29. Rf2 Qc4 30. Qg4 Qe4+ 31. Kg1 Qb1+ 32. Kg2 Qe4+ 33. Kg1 Qb1+ 34. Kg2 Qe4+ 35. Kh3 g6 36. Qf3 Qf5+ 37. Kg2 f6 38. Qc3 Qe4+ 39. Kh3 Qf5+ 40. Kg2 Qe4+ 41. Rf3 Qe2+ 42. Rf2 Qe4+ 43. Qf3 Qxf3+ 44. Kxf3 Kf7 45. Ke4 1/2-1/2

[Event "RUS-chT rapid"]
[Site "Sochi"]
[Date "2018.10.08"]
[Round "4.3"]
[White "Pervakov, Sergey"]
[Black "Terzyan, Nazar"]
[Result "1/2-1/2"]
[WhiteElo "2098"]
[BlackElo "1757"]
[PlyCount "89"]
[EventDate "2018.10.08"]
[EventType "team-swiss (rapid)"]
[EventRounds "9"]
[EventCountry "RUS"]
[SourceTitle "CBM 186 Extra"]
[Source "ChessBase"]
[SourceDate "2018.08.24"]
[SourceVersion "1"]
[SourceVersionDate "2018.08.24"]
[SourceQuality "1"]
[WhiteTeam "Krym Kimmeriya"]
[BlackTeam "Stavropol Region II"]
[WhiteTeamCountry "RUS"]
[BlackTeamCountry "RUS"]

1. e4 c5 2. a3 e6 3. b4 d5 4. exd5 Qxd5 5. Nc3 Qd8 6. bxc5 Bxc5 7. Nf3 Nc6 8. Ne4 Be7 9. Bb2 Nf6 10. Bd3 0-0 11. Qe2 Nd5 12. g3 b6 13. 0-0 Bb7 14. Ba6 Bxa6 15. Qxa6 Nf6 16. Qe2 Rc8 17. d3 Nxe4 18. Qxe4 Bf6 19. Bxf6 Qxf6 20. Rfe1 Rfd8 21. Rab1 h6 22. Kg2 Nd4 23. Nxd4 Qxd4 24. Qxd4 Rxd4 25. Rb2 Rc3 26. Ra2 Ra4 27. Rea1 Ra5 28. a4 Rac5 29. a5 Rxc2 30. axb6 Rxa2 31. Rxa2 axb6 32. Kf3 g6 33. Ke3 Kg7 34. Rb2 b5 35. d4 Rd5 36. f4 g5 37. fxg5 hxg5 38. g4 Kf6 39. Ke4 Kg6 40. Rb3 f5+ 41. gxf5+ Rxf5 42. Rb2 Kf6 43. h3 Rf4+ 44. Ke3 Rf5 45. Ke4 1/2-1/2

[Event "RUS-chT rapid"]
[Site "Sochi"]
[Date "2018.10.08"]
[Round "1.3"]
[White "Terzyan, Nazar"]
[Black "Kozionov, Kirill"]
[Result "0-1"]
[WhiteElo "1757"]
[BlackElo "2458"]
[PlyCount "144"]
[EventDate "2018.10.08"]
[EventType "team-swiss (rapid)"]
[EventRounds "9"]
[EventCountry "RUS"]
[SourceTitle "CBM 186 Extra"]
[Source "ChessBase"]
[SourceDate "2018.08.24"]
[SourceVersion "1"]
[SourceVersionDate "2018.08.24"]
[SourceQuality "1"]
[WhiteTeam "Stavropol Region II"]
[BlackTeam "Karpov Chess School"]
[WhiteTeamCountry "RUS"]
[BlackTeamCountry "RUS"]

1. e4 c5 2. Nf3 d6 3. d4 cxd4 4. Qxd4 a6 5. c4 Nc6 6. Qd1 g6 7. Be2 Bg7 8. 0-0 Bg4 9. Nc3 Nf6 10. Be3 Nd7 11. Rc1 0-0 12. h3 Bxf3 13. Bxf3 Rc8 14. b3 Nc5 15. Qd2 Qa5 16. Rfd1 Rfe8 17. Nd5 Qxd2 18. Rxd2 Ne5 19. Rcd1 Kf8 20. Nb6 Rc6 21. Bxc5 Rxc5 22. Be2 Bh6 23. Rd4 Rc6 24. Nd5 Rb8 25. f4 Nd7 26. g3 Bg7 27. R4d2 Nc5 28. Bf3 a5 29. Kg2 Rd8 30. h4 e6 31. Ne3 Ke7 32. e5 Rb6 33. Nc2 Rd7 34. exd6+ Rbxd6 35. Rxd6 Rxd6 36. Na3 Rxd1 37. Bxd1 Nd3 38. Nb5 b6 39. Kf3 h5 40. Ke3 Nc5 41. Bc2 Bh6 42. Nd4 Kd6 43. Nb5+ Kd7 44. Nd4 e5 45. Nf3 exf4+ 46. gxf4 Ke7 47. Ng5 Bg7 48. a3 Na6 49. Ne4 Bb2 50. a4 Bg7 51. Bd1 Kd7 52. Ng5 Ke7 53. Ne4 Nb4 54. c5 bxc5 55. Nxc5 Nd5+ 56. Kf3 Bf6 57. Nb7 Bc3 58. Nc5 Bd2 59. Nd3 Kd6 60. Ke4 Nc3+ 61. Kf3 Nxd1 62. Ke2 Bxf4 63. Nxf4 Nc3+ 64. Kd3 Nd5 65. Ng2 Kc5 66. Ke4 f6 67. Kd3 Kb4 68. Kd4 Ne7 69. Ne3 Kxb3 70. Nc4 Kxa4 71. Nb6+ Kb3 72. Kc5 a4 0-1

[Event "Sochi Doroshkevich Amateur op"]
[Site "Sochi"]
[Date "2017.12.27"]
[Round "8"]
[White "Nikishin, Sergey Grigoryevich"]
[Black "Terzyan, Nazar"]
[Result "1/2-1/2"]
[WhiteElo "2051"]
[BlackElo "1794"]
[PlyCount "70"]
[EventDate "2017.12.21"]
[EventType "swiss"]
[EventRounds "9"]
[EventCountry "RUS"]
[SourceTitle "CBM 182 Extra"]
[Source "ChessBase"]
[SourceDate "2018.02.23"]
[SourceVersion "1"]
[SourceVersionDate "2018.02.23"]
[SourceQuality "1"]

1. a3 c6 2. c4 d5 3. e3 Nf6 4. Nf3 e6 5. b4 c5 6. b5 Be7 7. Bb2 a6 8. a4 0-0 9. Be2 b6 10. 0-0 Bb7 11. d3 Nbd7 12. Nbd2 Qc7 13. Qb3 Bd6 14. h3 e5 15. cxd5 Bxd5 16. Nc4 Bxc4 17. Qxc4 a5 18. Rac1 Rad8 19. e4 Rfe8 20. Nh4 Nf8 21. g3 Ne6 22. Ng2 Ng5 23. h4 Ne6 24. h5 Bf8 25. f4 Nd4 26. Bd1 Qc8 27. fxe5 Qh3 28. exf6 g6 29. hxg6 hxg6 30. Bc3 Qxg3 31. Rf4 Bd6 32. Rg4 Qh2+ 33. Kf2 Be5 34. Rxg6+ Kf8 35. Rg5 Re6 1/2-1/2

[Event "Sochi Doroshkevich Amateur op"]
[Site "Sochi"]
[Date "2017.12.24"]
[Round "4"]
[White "Makoveev, Ilya"]
[Black "Terzyan, Nazar"]
[Result "1-0"]
[WhiteElo "2137"]
[BlackElo "1794"]
[PlyCount "61"]
[EventDate "2017.12.21"]
[EventType "swiss"]
[EventRounds "9"]
[EventCountry "RUS"]
[SourceTitle "CBM 182 Extra"]
[Source "ChessBase"]
[SourceDate "2018.02.23"]
[SourceVersion "1"]
[SourceVersionDate "2018.02.23"]
[SourceQuality "1"]

1. e4 c5 2. Nf3 d6 3. d4 cxd4 4. Nxd4 Nf6 5. Nc3 Nc6 6. Bg5 e6 7. Qd2 Be7 8. 0-0-0 0-0 9. f4 a6 10. Be2 Nxd4 11. Qxd4 Qa5 12. Kb1 Rd8 13. Qe3 Qc7 14. e5 dxe5 15. fxe5 Nd5 16. Nxd5 exd5 17. Rhf1 Bxg5 18. Qxg5 Be6 19. Rd4 h6 20. Qg3 Rac8 21. Bd3 Qe7 22. h4 a5 23. c3 Kh8 24. Bc2 h5 25. Qd3 g6 26. Rf6 Rd7 27. Qe3 Kg7 28. Qg5 Rc4 29. Bxg6 fxg6 30. Qxg6+ Kh8 31. Rxe6 1-0

[Event "Sochi Doroshkevich Amateur op"]
[Site "Sochi"]
[Date "2017.12.22"]
[Round "2"]
[White "Galakhov, Sergey"]
[Black "Terzyan, Nazar"]
[Result "1-0"]
[WhiteElo "2278"]
[BlackElo "1794"]
[PlyCount "69"]
[EventDate "2017.12.21"]
[EventType "swiss"]
[EventRounds "9"]
[EventCountry "RUS"]
[SourceTitle "CBM 182 Extra"]
[Source "ChessBase"]
[SourceDate "2018.02.23"]
[SourceVersion "1"]
[SourceVersionDate "2018.02.23"]
[SourceQuality "1"]

1. e4 c5 2. g3 d5 3. exd5 Qxd5 4. Nf3 Bg4 5. Bg2 Qe6+ 6. Kf1 Nc6 7. h3 Bxf3 8. Bxf3 Nf6 9. Nc3 Qd7 10. d3 Nd4 11. Bg2 g6 12. Ne2 Bg7 13. Nxd4 cxd4 14. Qf3 0-0-0 15. a4 e5 16. a5 a6 17. Bg5 Qe7 18. Ra3 Rd7 19. Rb3 h6 20. Bxf6 Qxf6 21. Qg4 Qf5 22. Qxf5 gxf5 23. h4 Kb8 24. Bh3 Rc7 25. Bxf5 Rxc2 26. Be4 Rc7 27. Kg2 Rf8 28. g4 Bf6 29. Rb6 Bg7 30. b4 Ka7 31. Rc1 Re7 32. b5 f5 33. Bxf5 Rf6 34. Rxf6 Bxf6 35. b6+ 1-0

[Event "Chigorin Memorial 25th"]
[Site "St Petersburg"]
[Date "2017.10.27"]
[Round "7"]
[White "Golovkina, Anastasia"]
[Black "Terzyan, Nazar"]
[Result "1-0"]
[WhiteElo "2035"]
[BlackElo "1717"]
[PlyCount "61"]
[EventDate "2017.10.21"]
[EventType "swiss"]
[EventRounds "9"]
[EventCountry "RUS"]
[SourceTitle "CBM 181 Extra"]
[Source "ChessBase"]
[SourceDate "2017.12.12"]
[SourceVersion "1"]
[SourceVersionDate "2017.12.12"]
[SourceQuality "1"]

1. e4 c5 2. Nf3 Nc6 3. d4 cxd4 4. Nxd4 g6 5. Nc3 Bg7 6. Be3 Nf6 7. Bc4 Na5 8. Bb3 d6 9. f3 0-0 10. Qd2 a6 11. 0-0-0 Nxb3+ 12. Nxb3 a5 13. g4 a4 14. Nd4 a3 15. b3 Bd7 16. Nde2 Qa5 17. Bd4 Rfc8 18. g5 Nh5 19. Nd5 Qd8 20. Nb6 Bxd4 21. Qxd4 e5 22. Qe3 Qc7 23. Nxc8 Rxc8 24. Rd2 Bb5 25. c4 Bc6 26. Kb1 Qe7 27. Rhd1 b5 28. Rc1 Rb8 29. Qd3 bxc4 30. Qxc4 Qb7 31. Qxc6 1-0

[Event "Chigorin Memorial 25th"]
[Site "St Petersburg"]
[Date "2017.10.24"]
[Round "4"]
[White "Nikitin, Vladimir"]
[Black "Terzyan, Nazar"]
[Result "1-0"]
[WhiteElo "1925"]
[BlackElo "1717"]
[PlyCount "127"]
[EventDate "2017.10.21"]
[EventType "swiss"]
[EventRounds "9"]
[EventCountry "RUS"]
[SourceTitle "CBM 181 Extra"]
[Source "ChessBase"]
[SourceDate "2017.12.12"]
[SourceVersion "1"]
[SourceVersionDate "2017.12.12"]
[SourceQuality "1"]

1. Nf3 d5 2. g3 Nf6 3. Bg2 Bf5 4. 0-0 e6 5. c4 c6 6. d3 Nbd7 7. Nc3 Be7 8. Be3 c5 9. cxd5 exd5 10. Bf4 d4 11. Nb5 0-0 12. a4 Nh5 13. Bc7 Qc8 14. Bd6 Qd8 15. b4 Bg4 16. bxc5 Nxc5 17. Bxe7 Qxe7 18. Nbxd4 Rad8 19. a5 Rfe8 20. Re1 Nf6 21. h3 Bxf3 22. Nxf3 Nce4 23. Qc2 Rc8 24. Qb2 Nc3 25. e3 Red8 26. Nd4 Ncd5 27. Rab1 Rc7 28. Nf5 Qd7 29. Nd4 Rdc8 30. Nb5 Rc2 31. Qe5 Re8 32. Qd4 a6 33. Na3 Rc6 34. Nc4 Qe6 35. Rxb7 Rcc8 36. Nb6 Nxb6 37. Rxb6 Qa2 38. Ra1 Qd2 39. Rb2 Rc1+ 40. Rxc1 Qxc1+ 41. Kh2 Qe1 42. Qb4 Qa1 43. Qc3 Qd1 44. Bb7 Qh5 45. Kg2 h6 46. Bf3 Qf5 47. e4 Qd7 48. Rb3 Rc8 49. Qb2 Qc7 50. Rb6 Nd7 51. Rb7 Qd6 52. d4 Rc4 53. Bg4 Nf8 54. Rb6 Qxd4 55. Qxd4 Rxd4 56. Bf3 Ne6 57. Rxa6 Ra4 58. Ra8+ Kh7 59. Ra7 Ra3 60. e5 Nd4 61. Be4+ g6 62. Rxf7+ Kg8 63. Ra7 g5 64. e6 1-0

[Event "RUS-chT U14"]
[Site "Sochi"]
[Date "2017.05.05"]
[Round "5.5"]
[White "Terzyan, Nazar"]
[Black "Postnikov, Roman"]
[Result "1/2-1/2"]
[WhiteElo "1715"]
[BlackElo "2082"]
[PlyCount "94"]
[EventDate "2017.05.01"]
[EventType "team-tourn"]
[EventRounds "9"]
[EventCountry "RUS"]
[SourceTitle "CBM 178 Extra"]
[Source "ChessBase"]
[SourceDate "2017.06.22"]
[SourceVersion "1"]
[SourceVersionDate "2017.06.22"]
[SourceQuality "1"]

1. d4 Nf6 2. Nf3 e6 3. e3 b6 4. Bd3 Bb7 5. b3 c5 6. Bb2 Nc6 7. 0-0 Be7 8. Nbd2 0-0 9. c4 cxd4 10. exd4 d5 11. Ne5 dxc4 12. Ndxc4 g6 13. Rc1 Rc8 14. Be2 b5 15. Nxc6 Rxc6 16. Ne5 Rxc1 17. Qxc1 Qb6 18. Bf3 Rc8 19. Qd2 Nd5 20. Bxd5 Bxd5 21. Qf4 f6 22. Ng4 Rc2 23. Bc1 Qd8 24. a4 bxa4 25. bxa4 Ra2 26. h4 Rxa4 27. h5 g5 28. Qe3 Qe8 29. h6 Qh5 30. Qe2 Kf8 31. f3 Qe8 32. Qc2 Kg8 33. f4 Ra2 34. Bb2 Qb8 35. Rf2 Qb7 36. fxg5 f5 37. Nf6+ Bxf6 38. gxf6 Kf7 39. Qc5 Kxf6 40. Qf8+ Qf7 41. Qd6 Qb7 42. Qf8+ Qf7 43. Qd6 Kg6 44. Qg3+ Kf6 45. Qh4+ Kg6 46. Qg3+ Kf6 47. Qh4+ Kg6 1/2-1/2

[Event "RUS-chT U14"]
[Site "Sochi"]
[Date "2017.05.04"]
[Round "4.1"]
[White "Garifzyanov, Niyaz"]
[Black "Terzyan, Nazar"]
[Result "0-1"]
[WhiteElo "1874"]
[BlackElo "1715"]
[PlyCount "102"]
[EventDate "2017.05.01"]
[EventType "team-tourn"]
[EventRounds "9"]
[EventCountry "RUS"]
[SourceTitle "CBM 178 Extra"]
[Source "ChessBase"]
[SourceDate "2017.06.22"]
[SourceVersion "1"]
[SourceVersionDate "2017.06.22"]
[SourceQuality "1"]

1. d4 Nf6 2. c4 e6 3. Nf3 b6 4. g3 Bb7 5. Bg2 Be7 6. 0-0 0-0 7. Nc3 d5 8. Ne5 c6 9. Qc2 Nfd7 10. Rd1 Nxe5 11. dxe5 Nd7 12. cxd5 cxd5 13. e4 Nxe5 14. exd5 Qc7 15. Qe2 Rad8 16. Bf4 f6 17. Bxe5 fxe5 18. Rac1 Bc5 19. Ne4 exd5 20. b4 dxe4 21. bxc5 Rxd1+ 22. Qxd1 bxc5 23. Qc2 Qf7 24. Re1 e3 25. Rxe3 Bxg2 26. Kxg2 Qd5+ 27. Qe4 Rd8 28. Qxd5+ Rxd5 29. Ra3 c4 30. Rxa7 Rc5 31. Rd7 c3 32. Rd1 Kf7 33. Kf3 Ke6 34. Ke3 Rc7 35. Kf3 Rc4 36. Ke3 Rc7 37. h4 h5 38. Kf3 Ra7 39. Rc1 Ra3 40. Rc2 Kd5 41. Ke3 Kc4 42. Ke2 Kd4 43. Kd1 Ra5 44. Re2 Rb5 45. Kc1 g6 46. a4 Ra5 47. Ra2 Kd3 48. Kd1 e4 49. Ke1 Kc4 50. Kd1 Kb3 51. Ra1 Kb2 0-1

[Event "Wch U12"]
[Site "Batumi"]
[Date "2016.10.28"]
[Round "9"]
[White "Terzyan, Nazar"]
[Black "Svanidze, Guram"]
[Result "1/2-1/2"]
[WhiteElo "1842"]
[BlackElo "1312"]
[PlyCount "38"]
[EventDate "2016.10.19"]
[EventType "swiss"]
[EventRounds "11"]
[EventCountry "GEO"]
[SourceTitle "EXT 2018"]
[Source "ChessBase"]
[SourceDate "2017.10.13"]
[SourceVersion "1"]
[SourceVersionDate "2017.10.13"]
[SourceQuality "1"]

1. e4 c6 2. Nc3 d5 3. d4 dxe4 4. Nxe4 Nf6 5. Nxf6+ exf6 6. Nf3 Bg4 7. Be2 Bd6 8. h3 Bh5 9. Be3 0-0 10. 0-0 Nd7 11. c4 c5 12. d5 b6 13. Qd2 Re8 14. Rfe1 h6 15. Rac1 Qe7 16. Nh4 Bg6 17. Nxg6 fxg6 18. Qc2 f5 19. g4 Qf7 1/2-1/2

[Event "Wch U12"]
[Site "Batumi"]
[Date "2016.10.22"]
[Round "4"]
[White "Csiki, Endre"]
[Black "Terzyan, Nazar"]
[Result "1-0"]
[WhiteElo "2051"]
[BlackElo "1842"]
[PlyCount "41"]
[EventDate "2016.10.19"]
[EventType "swiss"]
[EventRounds "11"]
[EventCountry "GEO"]
[SourceTitle "EXT 2018"]
[Source "ChessBase"]
[SourceDate "2017.10.13"]
[SourceVersion "1"]
[SourceVersionDate "2017.10.13"]
[SourceQuality "1"]

1. e4 c5 2. Nc3 e6 3. Nf3 Nc6 4. d4 cxd4 5. Nxd4 Nf6 6. Be2 Bb4 7. 0-0 Bxc3 8. bxc3 Nxe4 9. Bf3 Nxc3 10. Qd3 Na4 11. Ba3 Ne5 12. Qb5 Nxf3+ 13. Nxf3 Nc3 14. Qd3 Nd5 15. Qxd5 Qf6 16. Qd6 a5 17. Rab1 h5 18. Nd4 Ra6 19. Rb6 e5 20. Rxa6 bxa6 21. Qc7 1-0

[Event "Wch U12"]
[Site "Batumi"]
[Date "2016.10.21"]
[Round "3"]
[White "Terzyan, Nazar"]
[Black "Oosthuizen, Michal Jacobus"]
[Result "1-0"]
[WhiteElo "1842"]
[BlackElo "1329"]
[PlyCount "45"]
[EventDate "2016.10.19"]
[EventType "swiss"]
[EventRounds "11"]
[EventCountry "GEO"]
[SourceTitle "EXT 2018"]
[Source "ChessBase"]
[SourceDate "2017.10.13"]
[SourceVersion "1"]
[SourceVersionDate "2017.10.13"]
[SourceQuality "1"]

1. e4 c6 2. Nc3 d5 3. g3 dxe4 4. Nxe4 Bf5 5. Bg2 Bxe4 6. Bxe4 Nf6 7. Bg2 e6 8. d4 Bd6 9. Nf3 0-0 10. 0-0 Nbd7 11. b3 c5 12. Bb2 Qb6 13. Nd2 Rab8 14. Nc4 Qc7 15. Ba3 b5 16. Nxd6 Qxd6 17. dxc5 Qxd1 18. Raxd1 b4 19. Bb2 Nxc5 20. Be5 Rbd8 21. Bd6 Rxd6 22. Rxd6 Rc8 23. Rfd1 1-0

[Event "Gelendzhik op 12th"]
[Site "Gelendzhik"]
[Date "2016.05.30"]
[Round "3"]
[White "Terzyan, Nazar"]
[Black "Abrosimov, Nikolay"]
[Result "1-0"]
[WhiteElo "1708"]
[BlackElo "1814"]
[PlyCount "57"]
[EventDate "2016.05.28"]
[EventType "swiss"]
[EventRounds "9"]
[EventCountry "RUS"]
[SourceTitle "CBM 172 Extra"]
[Source "ChessBase"]
[SourceDate "2016.06.21"]
[SourceVersion "1"]
[SourceVersionDate "2016.06.21"]
[SourceQuality "1"]

1. e4 c5 2. Nf3 e6 3. d4 cxd4 4. Nxd4 Nf6 5. Nc3 Nc6 6. Ndb5 d6 7. Bf4 e5 8. Nd5 Nxd5 9. exd5 Ne7 10. Be3 Nf5 11. Bd2 a6 12. Na3 b5 13. c4 bxc4 14. Nxc4 a5 15. Qc2 Nd4 16. Qc3 a4 17. Be3 Nf5 18. Nb6 Nxe3 19. Nxa8 Nxf1 20. Nc7+ Ke7 21. Rxf1 Bd7 22. 0-0-0 g6 23. f4 Bh6 24. Kb1 Qb8 25. fxe5 Rc8 26. exd6+ Kxd6 27. Rf6+ Ke7 28. d6+ Kf8 29. Rdf1 1-0

[Event "Gelendzhik op 11th"]
[Site "Gelendzhik"]
[Date "2015.01.10"]
[Round "7"]
[White "Reviakov, Nikita"]
[Black "Terzyan, Nazar"]
[Result "0-1"]
[WhiteElo "1309"]
[BlackElo "1693"]
[PlyCount "70"]
[EventDate "2015.01.04"]
[EventType "swiss"]
[EventRounds "9"]
[EventCountry "RUS"]
[SourceTitle "EXT 2017"]
[Source "ChessBase"]
[SourceDate "2016.10.25"]
[SourceVersion "1"]
[SourceVersionDate "2016.10.25"]
[SourceQuality "1"]

1. e4 c5 2. Nc3 Nc6 3. g3 g6 4. Bg2 Bg7 5. Nge2 e6 6. 0-0 Nge7 7. d3 0-0 8. h3 f5 9. f4 d5 10. e5 a6 11. Na4 Qa5 12. b3 Nd8 13. Bd2 Qc7 14. c4 Bd7 15. Nb2 Bc6 16. Qc2 d4 17. Na4 Bxg2 18. Kxg2 g5 19. Kh2 gxf4 20. gxf4 Kh8 21. b4 cxb4 22. Bxb4 Ndc6 23. Bd6 Qd8 24. Nc5 Qc8 25. Rab1 b5 26. cxb5 axb5 27. Rxb5 Rg8 28. Bxe7 Nxe7 29. Nxd4 Nd5 30. Qb3 Ne3 31. Rf3 Bxe5 32. fxe5 Rg2+ 33. Kh1 Qg8 34. Rf1 Rh2+ 35. Kxh2 Qg2# 0-1

[Event "Gelendzhik op 11th"]
[Site "Gelendzhik"]
[Date "2015.01.06"]
[Round "3"]
[White "Rolgeizer, Martin"]
[Black "Terzyan, Nazar"]
[Result "1-0"]
[WhiteElo "1725"]
[BlackElo "1693"]
[PlyCount "129"]
[EventDate "2015.01.04"]
[EventType "swiss"]
[EventRounds "9"]
[EventCountry "RUS"]
[SourceTitle "EXT 2017"]
[Source "ChessBase"]
[SourceDate "2016.10.25"]
[SourceVersion "1"]
[SourceVersionDate "2016.10.25"]
[SourceQuality "1"]

1. e4 c5 2. Nf3 Nc6 3. d4 cxd4 4. Nxd4 g6 5. Be3 Nf6 6. f3 Bg7 7. Nc3 0-0 8. Qd2 d5 9. Nxc6 bxc6 10. exd5 cxd5 11. 0-0-0 e6 12. g4 Bb7 13. Bd4 Re8 14. g5 Nh5 15. Bxg7 Nxg7 16. h4 d4 17. Ne4 Bxe4 18. fxe4 e5 19. Bc4 Qc7 20. Bb3 a5 21. a4 Rab8 22. Kb1 Nh5 23. Rdg1 Red8 24. Ka2 Qb6 25. Qf2 Qb7 26. Rf1 Rd7 27. Rh2 d3 28. Qe3 Nf4 29. Rd1 dxc2 30. Rxd7 Qxb3+ 31. Qxb3 c1N+ 32. Kb1 Nxb3 33. Rc2 Nd4 34. Rcc7 Nd3 35. Rb7 Rxb7 36. Rxb7 Nb4 37. Ra7 Ndc6 38. Ra8+ Kg7 39. b3 h6 40. Kb2 hxg5 41. hxg5 f6 42. gxf6+ Kxf6 43. Kc3 Kg5 44. Rxa5 Nxa5 45. Kxb4 Nb7 46. a5 Kf4 47. a6 Nd8 48. Kb5 g5 49. a7 Ne6 50. Kb6 g4 51. a8Q g3 52. Qa1 g2 53. Qg1 Kf3 54. b4 Nd4 55. b5 Ne2 56. Qd1 g1Q+ 57. Qxg1 Nxg1 58. Kc5 Kxe4 59. b6 Kd3 60. b7 e4 61. b8Q e3 62. Qb1+ Kd2 63. Qxg1 e2 64. Qd4+ Kc2 65. Qe3 1-0

[Event "Gelendzhik op 11th"]
[Site "Gelendzhik"]
[Date "2015.01.05"]
[Round "2"]
[White "Terzyan, Nazar"]
[Black "Bedia, Melor"]
[Result "0-1"]
[WhiteElo "1693"]
[BlackElo "2428"]
[PlyCount "110"]
[EventDate "2015.01.04"]
[EventType "swiss"]
[EventRounds "9"]
[EventCountry "RUS"]
[SourceTitle "EXT 2017"]
[Source "ChessBase"]
[SourceDate "2016.10.25"]
[SourceVersion "1"]
[SourceVersionDate "2016.10.25"]
[SourceQuality "1"]

1. e4 e5 2. Nf3 Nc6 3. Nc3 Nf6 4. Bb5 Nd4 5. Nxd4 exd4 6. e5 dxc3 7. exf6 Qxf6 8. dxc3 c6 9. Bd3 d5 10. 0-0 Be6 11. Re1 0-0-0 12. Be3 c5 13. Qd2 h6 14. Bf4 Bd6 15. Bxd6 Rxd6 16. Qe3 d4 17. Qe5 Qxe5 18. Rxe5 c4 19. Rc5+ Kb8 20. Bf5 dxc3 21. bxc3 Rhd8 22. Kf1 b6 23. Re5 Bxf5 24. Rxf5 f6 25. Rf4 Rd2 26. Rc1 Rd1+ 27. Rxd1 Rxd1+ 28. Ke2 Ra1 29. Rxc4 Rxa2 30. Kd3 Ra5 31. Re4 Rd5+ 32. Rd4 Rg5 33. g3 Kc7 34. c4 Rf5 35. f4 Rh5 36. h4 Ra5 37. Re4 Ra3+ 38. c3 Kd7 39. f5 h5 40. g4 Ra5 41. gxh5 Rxf5 42. Rg4 Rxh5 43. Rxg7+ Kd6 44. Rxa7 Rxh4 45. Rf7 Rf4 46. Ke3 Rf1 47. Ke2 Rf5 48. Rb7 Kc6 49. Rf7 Re5+ 50. Kf3 Re6 51. Kf4 Kc5 52. Rc7+ Rc6 53. Rxc6+ Kxc6 54. Kf5 Kc5 55. Kxf6 Kxc4 0-1